Allied Powers of World War II - Statistics

General Stats
  • This quiz has been taken 123 times
  • The average score is 45 of 77
Answer Stats
Date Country % Correct
September 3, 1939 United Kingdom
96%
December 7, 1941 United States
95%
September 3, 1939 France
93%
September 23, 1940 Free France
93%
September 10, 1939 Canada
88%
September 1, 1939 Poland
87%
May 19, 1940 Belgium
85%
December 9, 1941 China
85%
June 22, 1941 Soviet Union
85%
May 19, 1940 Netherlands
83%
September 3, 1939 Australia
82%
October 28, 1940 Greece
82%
September 3, 1939 New Zealand
81%
April 9, 1940 Norway
81%
September 3, 1939 India
80%
August 22, 1942 Brazil
79%
April 9, 1940 Denmark
78%
May 22, 1942 Mexico
77%
September 6, 1939 South Africa
77%
March 27, 1945 Argentina
73%
April 6, 1941 Yugoslavia
73%
September 9, 1940 Egypt
72%
May 19, 1940 Luxembourg
72%
February 23, 1945 Turkey
72%
September 9, 1943 Iran
71%
February 15, 1945 Uruguay
71%
January 20, 1943 Chile
70%
December 9, 1941 Cuba
70%
December 7, 1941 Panama
70%
February 12, 1945 Peru
70%
January 17, 1943 Iraq
69%
February 7, 1945 Paraguay
69%
October 13, 1943 Italy
67%
April 7, 1943 Bolivia
66%
September 8, 1944 Bulgaria
65%
September 15, 1944 Finland
65%
February 15, 1945 Venezuela
65%
November 26, 1943 Colombia
64%
December 8, 1941 El Salvador
64%
August 25, 1944 Romania
64%
December 8, 1941 Costa Rica
63%
February 2, 1945 Ecuador
63%
February 28, 1945 Saudi Arabia
63%
December 16, 1941 Czechoslovakia
62%
December 8, 1941 Honduras
62%
December 8, 1941 Nicaragua
62%
December 8, 1941 Mongolia
60%
December 8, 1941 Guatemala
59%
December 8, 1941 Haiti
59%
December 28, 1944 Hungary
59%
December 8, 1941 Dominican Republic
56%
December 14, 1942 Ethiopia
56%
December 7, 1941 Siam
53%
February 26, 1945 Syria
52%
September 10, 1939 Oman
51%
December 8, 1941 Philippines
51%
August 15, 1945 Viet Minh
51%
September 4, 1939 Nepal
50%
September 3, 1939 Morocco
47%
February 26, 1945 Lebanon
44%
December 8, 1941 British Malaya
41%
January 27, 1944 Liberia
37%
September 21, 1944 San Marino
36%
September 3, 1939 Transjordan
34%
September 3, 1939 Tunisia
33%
May 5, 1942 Belgian Congo
30%
September 10, 1939 Bahrain
28%
November 9, 1939 Kuwait
27%
December 16, 1941 Brunei
22%
June 22, 1941 Tuva
20%
May 5, 1942 Northern Rhodesia
14%
May 5, 1942 Southern Rhodesia
14%
September 3, 1939 Tonga
12%
May 5, 1942 Tanganyika
4%
June 13, 1942 Iroquois Confederacy
3%
December 16, 1941 Sarawak
3%
December 16, 1941 North Borneo
2%
No matching quizzes found
Score Distribution
Percent of People with Each Score
Percentile by Number Answered
Your Score History
You have not taken this quiz